Statistiques concernant Les Pokémon monotypes

Cliquez ici pour prendre le quiz!

Statistiques générales

  • Ce quiz a été pris 111 fois
    (21 depuis la dernière actualisation)
  • Le résultat moyen est 259 sur 497

Statistiques - réponses

Pokémon% Correct
Aquali
100%
Evoli
100%
Pyroli
100%
Voltali
100%
Abo
90%
Arbok
90%
Carabaffe
90%
Carapuce
90%
Chenipan
90%
Chrysacier
90%
Draco
90%
Electrode
90%
Elektek
90%
Feunard
90%
Galopa
90%
Goupix
90%
Kicklee
90%
Machoc
90%
Machopeur
90%
Magmar
90%
Mentali
90%
Mew
90%
Minidraco
90%
Noctali
90%
Phyllali
90%
Pikachu
90%
Ponyta
90%
Porygon
90%
Ptitard
90%
Raichu
90%
Rattata
90%
Rattatac
90%
Reptincel
90%
Génération ISalamèche
90%
Tauros
90%
Tetarte
90%
Tortank
90%
Tygnon
90%
Voltorbe
90%
Aligatueur
80%
Arcanin
80%
Caninos
80%
Colossinge
80%
Crocrodil
80%
Elekable
80%
Elekid
80%
Entei
80%
Excelangue
80%
Ferosinge
80%
Feurisson
80%
Fouinar
80%
Fouinette
80%
Génération IIGermignon
80%
Grahyena
80%
Grotadmorv
80%
Hericendre
80%
Kaiminus
80%
Lainergie
80%
Leuphorie
80%
Leveinard
80%
Linéon
80%
Mackogneur
80%
Macronium
80%
Maganon
80%
Magby
80%
Magicarpe
80%
Manzai
80%
Medhyena
80%
Meganium
80%
Melo
80%
Melodelfe
80%
Melofée
80%
Metamorph
80%
Mewtwo
80%
Nidoran
80%
Nidorina
80%
Nidorino
80%
Nymphali
80%
Otaria
80%
Pharamp
80%
Pichu
80%
Poissirene
80%
Poissoroy
80%
Porygon2
80%
Ptiravi
80%
Raikou
80%
Ronflex
80%
Sabelette
80%
Sablaireau
80%
Saquedeneu
80%
Scarabrute
80%
Simularbre
80%
Smogo
80%
Smogogo
80%
Stari
80%
Suicune
80%
Tadmorv
80%
Tarpaud
80%
Typhlosion
80%
Wattouat
80%
Zigzaton
80%
Abra
70%
Akwakwak
70%
Alakazam
70%
Arceus
70%
Génération IIIArcko
70%
Armulys
70%
Barpau
70%
Blindalys
70%
Boskara
70%
Bouldeneu
70%
Branette
70%
Capumain
70%
Chenipotte
70%
Coudlangue
70%
Cresselia
70%
Darkrai
70%
Debugant
70%
Donphan
70%
Draby
70%
Drackhaus
70%
Dynavolt
70%
Elecsprint
70%
Frison
70%
Givrali
70%
Gobou
70%
Goinfrex
70%
Hypocean
70%
Hypotrempe
70%
Insolourdo
70%
Jungko
70%
Kadabra
70%
Kangourex
70%
Kapoera
70%
Kecleon
70%
Keunotor
70%
Kokiyas
70%
Krabboss
70%
Krabby
70%
Lixy
70%
Luxio
70%
Luxray
70%
Massko
70%
Miaouss
70%
Milobellus
70%
Négapi
70%
Oniglali
70%
Ouisticram
70%
Persian
70%
Phanpy
70%
Polichombr
70%
PorygonZ
70%
Posipi
70%
Poussifeu
70%
Prinplouf
70%
Psykokwak
70%
Regice
70%
Regigigas
70%
Regirock
70%
Registeel
70%
Shaymin
70%
Spinda
70%
Stalgamin
70%
Taupiqueur
70%
Teddiursa
70%
Tiplouf
70%
Génération IVTortipouss
70%
Triopikeau
70%
Triopikeur
70%
Ursaring
70%
Absol
60%
Bargantua
60%
Boréas
60%
Brouhabam
60%
Capidextre
60%
Cerfrousse
60%
Ceribou
60%
Ceriflor
60%
Chuchmur
60%
Clic
60%
Cliticlic
60%
Colimucus
60%
Coupenotte
60%
Crefadet
60%
Crefollet
60%
Crehelf
60%
Delcatty
60%
Deoxys
60%
Ecrapince
60%
Ecremeuh
60%
Feuforeve
60%
Feuillajou
60%
Feuiloutan
60%
Flamajou
60%
Flamoutan
60%
Flotajou
60%
Flotoutan
60%
Groudon
60%
Hariyama
60%
Heliatronc
60%
Hypnomade
60%
Incisache
60%
Joliflor
60%
Kraknoix
60%
Kyogre
60%
Laporeille
60%
Limagma
60%
lockpin
60%
Makuhita
60%
Manaphy
60%
Mangriff
60%
Meios
60%
Monaflémit
60%
Mucuscule
60%
Muplodocus
60%
Noctunoir
60%
Nucleos
60%
Octillery
60%
Okéoké
60%
Parecool
60%
Phione
60%
Polagriffe
60%
Polarhume
60%
Qulbutoké
60%
Ramboum
60%
Remoraid
60%
Sapereau
60%
Seviper
60%
Skelenox
60%
Skitty
60%
Soporifik
60%
Symbios
60%
Tarinor
60%
Téraclope
60%
Tic
60%
Tournegrin
60%
Tranchodon
60%
Vigoroth
60%
Wailmer
60%
Wailord
60%
Xerneas
60%
Zarbi
60%
Anchwatt
50%
Balignon
50%
Chacripan
50%
Chaffreux
50%
Chaglam
50%
Charkos
50%
Cheniti
50%
Clamiral
50%
Coquiperl
50%
Couafarel
50%
Deusolourdo
50%
Drakkarmin
50%
Eoko
50%
Flabébé
50%
Floette
50%
Florges
50%
Gruikui
50%
Hexagel
50%
Hippodocus
50%
Hippopotas
50%
Korillon
50%
Kranidos
50%
Lampéroie
50%
Leopardus
50%
Lianaja
50%
Lovdisc
50%
Lumivole
50%
Magirêve
50%
Majaspic
50%
Maracachi
50%
Mateloutre
50%
Mesmerella
50%
Miradar
50%
Morphéo
50%
Moustillon
50%
Muciole
50%
Munna
50%
Mushana
50%
Mustebouée
50%
Musteflott
50%
Ohmassacre
50%
Ossatueur
50%
Osselait
50%
Pachirisu
50%
Queulorior
50%
Ratentif
50%
Riolu
50%
Rosabyss
50%
Rototaupe
50%
Scrutella
50%
Serpang
50%
Siderella
50%
Sorbébé
50%
Sorbouboul
50%
Sorboul
50%
Taupikeau
50%
Tutafeh
50%
Tutankafer
50%
Type:0
50%
Génération VVipélierre
50%
Vortente
50%
Zebibron
50%
Zeblitz
50%
Aflamanoir
40%
Argouste
40%
Avaltout
40%
Betochef
40%
Boguérisse
40%
Cacnéa
40%
Carabing
40%
Charpenti
40%
Chartor
40%
Chinchidou
40%
Cosmog
40%
Cosmovum
40%
Crikzik
40%
Croaporal
40%
Darumacho
40%
Darumarond
40%
Ecayon
40%
Escargaume
40%
Feunnec
40%
Géolithe
40%
Gigalithe
40%
Gloupti
40%
Grainipiot
40%
Granbull
40%
Grenousse
40%
Groret
40%
Judokrak
40%
Karaclee
40%
Kungfouine
40%
Lépidonille
40%
Limaspeed
40%
Luminéon
40%
Manglouton
40%
Génération VIMarisson
40%
Mastouffe
40%
Melocrik
40%
Miamiasme
40%
Miasmax
40%
Mistigrix
40%
Nanméouïe
40%
Nodulithe
40%
Ouvrifier
40%
Pashmilla
40%
Pérégrain
40%
Ponchien
40%
Ponchiot
40%
Psystigri
40%
Ramoloss de Galar
40%
Regidrago
40%
Regieleki
40%
Roussil
40%
Shaofouine
40%
Silvallié
40%
Snubbull
40%
Spoink
40%
Togepi
40%
Tritonde
40%
Zoroark
40%
Zorua
40%
Bébécaille
30%
Cabriolaine
30%
Candine
30%
Chevroum
30%
Chlorobule
30%
Cocotine
30%
Corayôme
30%
Corayon de Galar
30%
Croquine
30%
Cupcanaille
30%
Filentrappe
30%
Génération VIIFlamiaou
30%
Flinngouste
30%
Fluvetin
30%
Fragilady
30%
Gamblast
30%
Goupilou
30%
Hexadron
30%
Lougaroc
30%
Mamanbo
30%
Matoufeu
30%
Minisange
30%
Moumouflon
30%
Moumouton
30%
Necrozma
30%
Pomdepik
30%
Rocabot
30%
Rongourmand
30%
Rongrigou
30%
Roublenard
30%
Sancoki
30%
Sucreine
30%
Sucroquin
30%
Tissenboule
30%
Amassel
20%
Ampibidou
20%
Arrozard
20%
Badabouin
20%
Berserkatt
20%
Blancoton
20%
Bleuseille
20%
Briochien
20%
Canarbello
20%
Charbambin
20%
Charbi
20%
Charibari
20%
Chochodile
20%
Cléopsytra
20%
Coiffeton
20%
Concombaffe
20%
Crocogril
20%
Dodoala
20%
Dogrino
20%
Dolman
20%
Dunaconda
20%
Dunaja
20%
Flambino
20%
Floramantis
20%
Flotillon
20%
Fragroin
20%
Froussardine
20%
Fulgudog
20%
Gorythmic
20%
Gourmelet
20%
Grelaçon
20%
Grondogue
20%
Lapyro
20%
Larméléon
20%
Larvadar
20%
Léboulérou
20%
Lewsor
20%
Lézargus
20%
Lilliterelle
20%
Matourgeon
20%
Melmetal
20%
Meltan
20%
Mimantis
20%
Mordudor
20%
Neitram
20%
Otaquin
20%
Otarlette
20%
Génération VIIIOuistempo
20%
Oyacata
20%
Pachyradjah
20%
Palarticho
20%
Pandespiègle
20%
Pâtachiot
20%
Polthégeist
20%
Génération 9Poussacha
20%
Pyrobut
20%
Quartermac
20%
Selutin
20%
Seracrawl
20%
Têtampoule
20%
Theffroi
20%
Tomberro
20%
Tournicoton
20%
Toutombe
20%
Voltoutou
20%
Wattapik
20%
Balbalèze
10%
Bekaglaçon
10%
Bibichut
10%
Blizzeval
10%
Cablifère
10%
Chapotus
10%
Charmilly
10%
Compagnol
10%
Crabagarre
10%
Craparoi
10%
Crèmy
10%
Dofin
10%
Embrochet
10%
Famignol
10%
Ferdeter
10%
Gigansel
10%
Guérilande
10%
Hastacuda
10%
Krakos
10%
Larvibule
10%
Piétacé
10%
Pimito
10%
Pohm
10%
Poulpaf
10%
Spectreval
10%
Superdofin
10%
Vémini
10%
Wushours
10%
Zeraora
10%
Bourrinos
0%
Khélocrok
0%
Tiboudet
0%

Distribution des résultats

Percentile par nombre de réponses

% des personnes avec chaque résultat

Votre développement - résultats

Vous n’avez pas pris ce quiz depuis la dernière actualisation